|
|
|
|
| LEADER |
00000cam a2200000 a 4500 |
| 001 |
vtls008354912 |
| 003 |
SK-MaSNL |
| 005 |
20260301182202.0 |
| 008 |
230403s1971 xo a f 000 0 slo |
| 015 |
|
|
|a SNBA1971
|
| 035 |
|
|
|a SK01SNK19710047129
|
| 035 |
|
|
|a urn:nbn:sk:snk-amjun8
|
| 035 |
|
|
|a urn:nbn:sk:snk-am0081cn
|
| 035 |
|
|
|a 5A3710DA-E5D2-46AB-9EFF-C7829F9565A1
|
| 035 |
|
|
|a SKM000049592
|
| 040 |
|
|
|a SNK
|b slo
|c SNK
|e AACR2
|
| 041 |
0 |
|
|a slo
|
| 044 |
|
|
|a xo
|c SK
|
| 072 |
|
7 |
|a 004.3
|x Počítače. Hardvér
|2 konspekt
|
| 080 |
|
|
|a 004.382
|2 2001
|
| 080 |
|
|
|a 004.38
|2 2011
|
| 080 |
|
|
|a (035)
|2 2011
|
| 100 |
1 |
|
|a Ščibravý, Dušan
|4 aut
|9 555714
|
| 245 |
1 |
0 |
|a Samočinný počítač Minsk 32
|b všeobecný technický popis
|c Dušan Ščibravý
|
| 246 |
3 |
0 |
|a Všeobecný technický popi
|
| 260 |
|
|
|a Bratislava
|b Slovenská vedeckotechnická spoločnosť
|c 1971
|
| 300 |
|
|
|a 37, [1] s.ilustr., sch., tab.
|c 4°
|
| 366 |
|
|
|e 535 výt.
|
| 650 |
0 |
7 |
|a MINSK (počítače)
|2 SNKPH
|9 80685
|
| 650 |
0 |
7 |
|a počítače
|2 SNKPH
|9 2027
|
| 650 |
0 |
7 |
|a Computers
|2 SNKPHeng
|9 274755
|
| 650 |
0 |
7 |
|a MINSK (computers)
|2 SNKPHeng
|9 555715
|
| 655 |
|
7 |
|a príručky
|2 SNKPH
|9 74364
|
| 655 |
|
7 |
|a Handbooks, manuals, etc.
|2 SNKPHeng
|9 90964
|
| 852 |
|
|
|a Slovenská národná knižnica
|
| 954 |
|
|
|a odborná, vedecká literatúra pôvodná (slovenská)
|2 lita
|
| 958 |
|
|
|a OND
|
| 958 |
|
|
|a RM
|
| 958 |
|
|
|a BQ
|
| 958 |
|
|
|a EUIPO
|
| 999 |
|
|
|c 852736
|d 854666
|
| 952 |
|
|
|a SNK
|b SNK
|y PREZ
|7 0
|p 17A0893045
|o snkSB 17213
|i snkKSP 5109ú71
|0 0
|1 0
|4 0
|d 2015-01-28
|f 1
|l 0
|r 2025-03-18 00:00:00
|w 2026-02-24
|